=LDR 00000nam 2200000 4500 =001 INLIS000000000011676 =005 20130612103223 =008 ***********************************Ind** =035 ##$$0010-061300000011676 =041 ##$$a Ind =082 ##$$a 794.44 =090 ##$$a 794.44, Coo a =100 ##$$a Cooper, Konneth H =245 ##$$a Aerobik, Konneth H.Cooper : alih bahasa oleh Autonius Adwoyoto =260 ##$$a 1979 $b jakarta =300 ##$$a 321 hlm., ilus, 20 cm =700 ##$$a Adiwiyoto, Antonius =850 ##$$a NBPNMAT